000 00920nam a2200277 a 4500
001 58731
003 BD-RjUL
005 20211209080643.0
008 196121s1984 ii b 001 0 eng
020 _cRs85.00
035 _a(BD-RjUL)58855
040 _aDLC
_cDLC
_dBD-RjUL
_beng
041 _aeng
082 0 0 _a324.9541403
_223
_bCHB 1984
100 1 _aChattopadhyaya, Gautam.
_9174582
245 1 0 _aBengal electoral politics and freedom struggle, 1862-1947 /
_cGautam Chattopadhyay.
260 _aNew Delhi :
_bIndian Council of Historical Research :
_bSole distributor, People's Pub. House,
_c1984.
300 _ax, 311 p. ;
_c23 cm.
500 _aMap on lining papers.
500 _aIncludes index.
504 _aBibliography: p. [297]-302.
650 0 _aElections
_zIndia
_zBengal.
_9174583
651 0 _aBengal (India)
_xPolitics and government.
_9174584
942 _2ddc
_cBK
999 _c58731
_d58731